000 00268nam a2200097Ia 4500
001 640736
005 20250826153453.0
008 250824s9999 xx 000 0 und d
245 0 _aOSMANLI GÜNLÜKLERİ 1 KURULUŞ SULTANLARI
_cSEVİNÇ KUŞOĞLU
260 _bGENÇ TİMAŞ
999 _c640736
_d640736